Geschlechtsspezifische Diskriminierung am Anzeigenmarkt Inhaltsanalyse von Stellenanzeigen und Bewerbungs-Experiment

Enregistré dans:
Détails bibliographiques
Auteur principal: Lechner, Ferdinand
Format: Livre
Langue:allemand
Publié: Wien Institut für Höhere Studien 1985
Édition:1. Aufl.
Collection:Forschungsbericht No.217
Tags: Ajouter un tag
Pas de tags, Soyez le premier à ajouter un tag!

MARC

LEADER 00000nam a2200000 4500
001 c026124
005 20221207071900.4
041 0 |a ger 
044 |a AT 
245 1 0 |a Geschlechtsspezifische Diskriminierung am Anzeigenmarkt  |b Inhaltsanalyse von Stellenanzeigen und Bewerbungs-Experiment  |c Ferdinand Lechner 
250 |a 1. Aufl. 
264 1 |a Wien  |b Institut für Höhere Studien  |c 1985 
300 |a 57 s. 
490 1 |a Forschungsbericht  |v No.217 
830 0 |a Forschungsbericht  |v No.217 
100 1 |a Lechner, Ferdinand